Η παιδεία στη Μήλο κατά την καποδιστριακή περίοδο : (1828-1832)

Αποθηκεύτηκε σε:
Λεπτομέρειες βιβλιογραφικής εγγραφής
Κύριος συγγραφέας: Μπαμπούνης, Χάρης
Άλλοι συγγραφείς: Λεντάκης, Ανδρέας, 1934-1997 (Συγγραφέας εισαγωγής κ.λπ.)
Μορφή: Βιβλίο
Γλώσσα:Greek
Δημοσίευση: Αθήνα : [χ.ό.], 1992.
Θέματα:
Ετικέτες: Προσθήκη ετικέτας
Δεν υπάρχουν, Καταχωρήστε ετικέτα πρώτοι!

MARC

LEADER 00000cam a2200000 i 4500
001 1/45163
008 031121s1992 gr | ||| |||| ||gre||
035 |l 10071677 
040 |a GR-MyUa  |b gre  |e AACR2 
041 0 |a gre 
082 7 |a 370.9495   |2 (22) 
100 1 |a Μπαμπούνης, Χάρης. 
245 1 2 |a Η παιδεία στη Μήλο κατά την καποδιστριακή περίοδο :   |b (1828-1832) /   |c Χάρης Μπαμπούνης ; προλογίζει ο Ανδρέας Λεντάκης.  
260 |a Αθήνα :   |b [χ.ό.],   |c 1992.  
300 |a 110 σ. ;   |c 21 εκ.  
500 |a Περιλαμβάνει ευρετήριο. 
650 0 |a Education  |z Greece  |y Melos (Municipality)  |x History. 
651 0 |a Melos (Greece : Municipality) 
700 1 |a Λεντάκης, Ανδρέας,   |d 1934-1997,  |e aui 
852 |a INST  |b RHODES  |e 20031121  |h 370.9495 ΜΠΑ  |p 005400020009  |q 005400020009  |t BK  |y 0 
901 |a BIBL4-2003-3 
970 |a ΚΟΥΛΑΚΙΟΤΗ  |b ΛΙΤΣΑ  |z 2003/11/21